Cuaderno de pedagogía universitaria /
Cuaderno de pedagogía universitaria es una revista especializada en la difusión del conocimiento científico y la innovación educativa en el contexto de la Educación Superior. Fue fundada en 2004 por el Centro de Desarrollo Profesoral (CDP) de la Pontificia Universidad Católica Madre y Maestra (PUCMM...
Shranjeno v:
| Format: | Serijska publikacija |
|---|---|
| Jezik: | španščina |
| Teme: | |
| Oznake: |
Brez oznak, prvi označite!
|
MARC
| LEADER | 00000nas^a2200000^a^4500 | ||
|---|---|---|---|
| 001 | 000187150 | ||
| 005 | 20260211154202.0 | ||
| 009 | 20260310102251.065 | ||
| 022 | |a 1814-4144 | ||
| 037 | |a Acervo ITESO - Biblioteca | ||
| 041 | |a ESP | ||
| 094 | |a 1047 | ||
| 222 | 0 | |a Cuaderno de pedagogía universitaria / | |
| 245 | 0 | 0 | |a Cuaderno de pedagogía universitaria / |
| 264 | |a Santiago, República Dominicana : |b Pontificia Universidad Católica Madre y Maestra, |c 2004- | ||
| 300 | |a volúmenes | ||
| 310 | |a Semestral | ||
| 336 | |a texto |b txt |2 rdacontenido | ||
| 337 | |a sin mediación |b n |2 rdamedio | ||
| 338 | |a volumen |b nc |2 rdasoporte | ||
| 362 | |a Año 1, no. 1 (ene./jul. 2004)- | ||
| 520 | |a Cuaderno de pedagogía universitaria es una revista especializada en la difusión del conocimiento científico y la innovación educativa en el contexto de la Educación Superior. Fue fundada en 2004 por el Centro de Desarrollo Profesoral (CDP) de la Pontificia Universidad Católica Madre y Maestra (PUCMM), República Dominicana. Su frecuencia es semestral con publicaciones en los meses de enero y julio. Su propósito es servir como espacio de intercambio para investigadores, docentes, psicólogos educativos y gestores académicos, favoreciendo la presentación de estudios teóricos, metodológicos y prácticos orientados a la mejora de la enseñanza universitaria. La revista publica artículos inéditos en idioma español incluyendo en sus líneas temáticas: formación y desarrollo profesional docente, innovación educativa y prácticas, tecnología educativa y entornos virtuales de aprendizaje, evaluación educativa, gestión, liderazgo y mejora institucional, además de educación inclusiva, equidad y diversidad, así como los factores psicológicos asociados al aprendizaje y diseño curricular. Sus ediciones se publican tanto en formato impreso como digital. La hemeroteca de la Biblioteca ITESO colecciona la versión impresa desde el año 1, número 1 (enero de 2004) hasta el año 12, número 23 (enero de 2015). | ||
| 599 | |a No vigente |b Canje | ||
| 649 | |a XX | ||
| 650 | |a Educación Superior - |x Publicaciones Periódicas Dominicanas | ||
| 650 | |a Formación y Capacitación de Profesores - |x Metodología | ||
| 650 | |a Didáctica - |x Publicaciones Periódicas Dominicanas | ||
| 650 | |a Metodología Educativa - |x Publicaciones Periódicas Dominicanas | ||
| 650 | |a Publicaciones Periódicas Dominicanas | ||
| 910 | |a Fondo General | ||
| 920 | |a Impresos - Publicaciones Periódicas | ||
| 905 | |a 105 | ||
| 902 | |a https://opac.biblio.iteso.mx/vufind/Record/000187150 | ||